00308nam a2200109Ia 450000500170000000800410001710000210005824500860007926000090016530000110017465000130018520260328104257.0260328s9999||||xx |||||||||||||| ||und|| aZamora, Francesc 0aStar Landscape Architecture :b The Stars of Landscape and Art /cFrancesc Zamora bLoft a591 p. aHISTORIA